[Event "DEM U12 2017"]
[Site "Willingen GER"]
[Date "2017.06.09"]
[Round "9"]
[White "Grabbel, Torben Frederik"]
[Black "Frank, Marek"]
[Result "1/2-1/2"]
[Termination "normal"]
[Board "25"]
[WhiteElo "1411"]
[BlackElo "1639"]
[PlyCount "104"]
[WhiteFideId "16219180"]
[BlackFideId "16239520"]
[EventCountry "GER"]
[EventRounds "11"]
[EventType "swiss"]
[EventDate "2017.06.03"]

1. d4 d5 2. Nf3 Nf6 3. Bf4 e6 4. e3 Nbd7 5. Bd3 Be7 6. O-O O-O 7. c3 b6 8. Nbd2
Bb7 9. Re1 Ne4 10. Bc2 Ndf6 11. Nxe4 Nxe4 12. Bxe4 dxe4 13. Nd2 Bd6 14. Bxd6
cxd6 15. Qc2 d5 16. Rac1 Rc8 17. Qd1 Ba8 18. f3 exf3 19. Nxf3 Bb7 20. Nd2 Qh4
21. Rf1 Qg5 22. Rf3 e5 23. Rg3 Qe7 24. Nf3 e4 25. Nd2 Rc6 26. Qe2 f5 27. Rf1
Rcf6 28. Rf4 Qf7 29. Nb3 Rg6 30. Rxg6 Qxg6 31. Na1 Qf7 32. Kh1 h6 33. g4 Qe6
34. gxf5 Rxf5 35. Rxf5 Qxf5 36. Nc2 Bc8 37. Kg1 Qf6 38. Qf2 Qg5+ 39. Qg3 Qh5
40. Ne1 Qg4 41. Qxg4 Bxg4 42. Nc2 a5 43. Ne1 Kf7 44. Kf2 g5 45. Kg3 Bd7 46. b3
h5 47. h4 Kf6 48. Ng2 Be6 49. hxg5+ Kxg5 50. Nf4 h4+ 51. Kh2 Bf7 52. Kh3 Bg8
1/2-1/2

[Event "DEM U12 2017"]
[Site "Willingen GER"]
[Date "2017.06.09"]
[Round "9"]
[White "Danninger, Jannik"]
[Black "Weidenhöfer, Max"]
[Result "1-0"]
[Termination "normal"]
[Board "26"]
[WhiteElo "1642"]
[BlackElo "1483"]
[PlyCount "67"]
[WhiteFideId "16226402"]
[BlackFideId "16230566"]
[EventCountry "GER"]
[EventRounds "11"]
[EventType "swiss"]
[EventDate "2017.06.03"]

1. e4 c6 2. d4 d5 3. exd5 cxd5 4. Bd3 Nf6 5. c3 Nc6 6. Bf4 Bg4 7. Qb3 Qb6 8.
Qxb6 axb6 9. Nd2 e6 10. Ngf3 Be7 11. O-O O-O 12. Rfe1 Rac8 13. Ne5 Nxe5 14.
dxe5 Nh5 15. Be3 g6 16. h3 Bf5 17. Bxf5 gxf5 18. Bxb6 Bc5 19. Bxc5 Rxc5 20. Nf3
h6 21. Nd4 Kh7 22. g3 Rg8 23. Kh2 Rg6 24. Rad1 Rc8 25. Nf3 Rcg8 26. Rg1 Rc8 27.
Rd4 Rc4 28. Rxc4 dxc4 29. Rd1 f4 30. g4 Ng7 31. Rd4 f5 32. Rxf4 b5 33. Nd4 fxg4
34. Rxg4 1-0

[Event "DEM U12 2017"]
[Site "Willingen GER"]
[Date "2017.06.09"]
[Round "9"]
[White "Ljuca, Rijad"]
[Black "Tran, Minh Dat"]
[Result "1/2-1/2"]
[Termination "normal"]
[Board "27"]
[WhiteElo "1436"]
[BlackElo "1403"]
[PlyCount "78"]
[WhiteFideId "16216121"]
[BlackFideId "16244702"]
[EventCountry "GER"]
[EventRounds "11"]
[EventType "swiss"]
[EventDate "2017.06.03"]

1. d4 d5 2. c4 c6 3. Nc3 e6 4. Nf3 Nf6 5. Bg5 Be7 6. e3 h6 7. Bh4 b6 8. cxd5
cxd5 9. Qc2 Bd7 10. Ne5 O-O 11. Bb5 Bxb5 12. Nxb5 a6 13. Nc3 Nfd7 14. Bxe7 Qxe7
15. Nxd7 Nxd7 16. O-O Rac8 17. Qd3 b5 18. Rfe1 Qb4 19. Rab1 Qc4 20. Qxc4 dxc4
21. d5 Nc5 22. dxe6 Nxe6 23. Ne4 Rfd8 24. Rbd1 Rxd1 25. Rxd1 Rd8 26. Rxd8+ Nxd8
27. Kf1 Kf8 28. Ke2 Ke7 29. Kd2 f5 30. Ng3 g6 31. Kc3 Kd7 32. Kb4 Kc6 33. Ne2
Kb6 34. Nd4 Nc6+ 35. Nxc6 Kxc6 36. Ka5 Kc5 37. a3 g5 38. f3 h5 39. Kxa6 b4
1/2-1/2

[Event "DEM U12 2017"]
[Site "Willingen GER"]
[Date "2017.06.09"]
[Round "9"]
[White "Wildermuth, Nikolas Karl"]
[Black "Kühn, Antoni"]
[Result "1/2-1/2"]
[Termination "normal"]
[Board "28"]
[WhiteElo "1422"]
[BlackElo "940"]
[PlyCount "55"]
[WhiteFideId "16244699"]
[BlackFideId "16244710"]
[EventCountry "GER"]
[EventRounds "11"]
[EventType "swiss"]
[EventDate "2017.06.03"]

1. e4 e5 2. Nf3 Nc6 3. Bb5 Nf6 4. d3 Bc5 5. O-O Nd4 6. Nxd4 Bxd4 7. Kh1 Bb6 8.
Bg5 h6 9. Be3 Bxe3 10. fxe3 O-O 11. Nc3 c6 12. Ba4 d5 13. exd5 Nxd5 14. e4 Ne3
15. Qf3 Nxf1 16. Rxf1 b5 17. Bb3 Be6 18. Ne2 Bxb3 19. axb3 a5 20. Qe3 a4 21.
bxa4 bxa4 22. Qc5 Qc7 23. Rf5 f6 24. Qc4+ Rf7 25. Nc3 Qa5 26. Rf1 Qa6 27. Qe6
Qb7 28. Qc4 1/2-1/2